Statistics for Marvel (MCU) Stan Lee Cameos

Click here to take the quiz!

General Stats

  • This quiz has been taken 30 times
  • The average score is 18 of 22

Answer Stats

QuestionAnswer% Correct
Thor (2011)
96%
The Incredible Hulk (2008)
96%
Iron Man 2 (2010)
92%
Captain America: The First Avenger (2011)
92%
Iron Man (2008)
88%
Captain Marvel (2019)
88%
Iron Man 3 (2013)
88%
Captain America: The Winter Soldier (2014)
88%
Thor: Ragnarok (2017)
88%
Doctor Strange (2016)
88%
Avengers: Infinity War (2018)
83%
Spider-Man: Homecoming (2017)
79%
Guardians of the Galaxy (2014)
79%
Avengers: Age of Ultron (2015)
79%
Avengers: Endgame (2019)
75%
Guardians of the Galaxy Vol. 2 (2017)
75%
Thor: The Dark World (2013)
75%
The Avengers (2012)
75%
Captain America: Civil War (2016)
71%
Black Panther (2018)
71%
Ant-Man and the Wasp (2018)
71%
Ant-Man (2015)
54%

Score Distribution

Percentile by Number Answered

Percent of People with Each Score

Your Score History

You have not taken this quiz